La verdadera historia de Bonnie and Clyde / (Record no. 51199)

MARC details
000 -LEADER
campo de control de longitud fija 00962cam a2200277 i 4500
001 - NÚMERO DE CONTROL
campo de control 42738
005 - FECHA Y HORA DE LA ÚLTIMA TRANSACCIÓN
campo de control 20230410120743.0
008 - DATOS DE LONGITUD FIJA--INFORMACIÓN GENERAL
campo de control de longitud fija 070912b1968 sp a 000 0 spa
041 0# - CÓDIGO DE IDIOMA
Código de lengua del texto/banda sonora o título independiente spa
050 14 - SIGNATURA TOPOGRÁFICA DE LA BIBLIOTECA DEL CONGRESO
Número de clasificación HV 6245
Número de ítem J52v 1968
082 00 - NÚMERO DE LA CLASIFICACIÓN DECIMAL DEWEY
Número de clasificación 364.15
100 1# - ENTRADA PRINCIPAL--NOMBRE DE PERSONA
Nombre de persona Jenkis, John
245 13 - MENCIÓN DEL TÍTULO
Título La verdadera historia de Bonnie and Clyde /
Mención de responsabilidad, etc. por John Jenkis ; con un estudio sobre la versión cinematográfica de Miguel Angel Olea, y dos apéndices fotográficos de los hechos reales y del film.
250 ## - MENCION DE EDICION
Mención de edición 2a ed.
260 ## - PUBLICACIÓN, DISTRIBUCIÓN, ETC.
Lugar de publicación, distribución, etc. Bilbao :
Nombre del editor, distribuidor, etc. Martin de Renata ,
Fecha de publicación, distribución, etc. 1968
300 ## - DESCRIPCIÓN FÍSICA
Extensión 150 p. :
Otras características físicas ill. ;
Dimensiones 20 cm.
440 #0 - MENCIÓN DE SERIE/PUNTO DE ACCESO ADICIONAL--TÍTULO
Título Colección reportaje-documento ;
Designación de volumen o secuencia 2
500 ## - NOTA GENERAL
Nota general Tít. orig. The true story of Bonnie and Clyde.
600 10 - PUNTO DE ACCESO ADICIONAL DE MATERIA--NOMBRE DE PERSONA
Nombre de persona Barrow, Clyde,
Fechas asociadas al nombre 1909-1934.
600 10 - PUNTO DE ACCESO ADICIONAL DE MATERIA--NOMBRE DE PERSONA
Nombre de persona Parker, Bonnie,
Fechas asociadas al nombre 1910-1934.
650 #4 - PUNTO DE ACCESO ADICIONAL DE MATERIA--TÉRMINO DE MATERIA
Término de materia o nombre geográfico como elemento de entrada Criminals
Subdivisión geográfica Texas
Subdivisión de forma Biography.
700 1# - ENTRADA AGREGADA--NOMBRE PERSONAL
Nombre de persona Olea, Miguel Angel.
700 1# - ENTRADA AGREGADA--NOMBRE PERSONAL
Nombre de persona Xandró, Mauricio.
942 ## - ELEMENTOS DE ENTRADA SECUNDARIOS (KOHA)
Fuente del sistema de clasificación o colocación Clasificación de Library of Congress
Tipo de ítem Koha
946 ## - PROCESAMIENTO DE INFORMACIÓN LOCAL (OCLC)
a YSepulveda
Holdings
Estatus retirado Estado de pérdida Fuente del sistema de clasificación o colocación Estado de daño No para préstamo Colección Biblioteca de origen Biblioteca actual Ubicación en estantería Fecha de adquisición Serial enumeration / chronology Signatura topográfica completa Código de barras Visto por última vez Copia número Tipo de ítem Koha
    Clasificación de Library of Congress     Ciencias Sociales Biblioteca Juan Bosch Biblioteca Juan Bosch Ciencias Sociales (3er. Piso) 10/04/2023 1 HV 6245 J52v 1968 00000043448 24/10/2018 1